Quizzes
Events
Quiz Creation
Community
Videos
Private Events
Remove Ads
Sign In
Join for FREE
Feedback
Dark Mode
Quiz Categories
Sports
Geography
Music
Movies
Television
Just For Fun
Miscellaneous
History
Literature
Language
Science
Gaming
Entertainment
Religion
Holiday
For Kids
Quiz Lab
Recent
Popular Today
Quiz Kudos Today
Editor Picks
Curator Picks
Quizzes by...
Day
Popularity
Type
Ratings
Length
Year
Community
Subscriptions
Recent Discussions
Orange Saloon
Badges
Playlists
Quests
Create
Leaderboards
Showdown
Live 5
Trivia Bingo
Activity
Puzzle Library
Sporcle Events
Private Events
Virtual Trivia
Globe League
Become a Host
Pub Owners
SporcleCon
Opinionation
Our Games
Videos
Blog
Mobile Apps
Partnerships
Remove Ads and Go Orange
Feedback
Religion
Mythology
Religious Music
World Religions
Bible
Christianity
Catholicism
Judaism
Church
Scripture
Islam
Verse
Religion
Mythology
Religious Music
World Religions
Bible
Christianity
Catholicism
Judaism
Church
Scripture
Islam
Verse
Random Quiz
Search Sporcle
×
Quiz Lab
Quiz Lab
Religion
Islam
Type in answers that appear in a list
Type in answers that appear in a list
Classic
Best Score? Go Orange.
MSMA World Religions Final! (Chapter 14) Stats
Can you name the terms for the World Religions final (on Islam)?
By
ellabella
7m
17 Questions
47 Plays
47 Plays
47 Plays
Comments
Comments
Give Quiz Kudos
Give Quiz Kudos
-
- Ratings
hide this ad
Replay
Link that replays current quiz
Next Quiz
Link to next quiz in quiz playlist
You Got
0%
They Got
Avg Score
22%
Avg Friend Score
Upgrade to see
Score Distribution
Jump to the score distribution portion of the page
Score
0/17
Timer
07:00
0
Plays Today
% Correct
Arabic
76.6%
Ramadan
53.2%
'Surrender'
46.8%
Shi'i
46.8%
'recitation'
25.5%
Jihad
25.5%
5
23.4%
Jesus and Moses
14.9%
Pilgrimage to Mecca
14.9%
% Correct
Imam
14.9%
Sunnism
8.5%
Sins will be absolved
6.4%
4-5 the size of the New Testament, 114 'suras' or chapters
4.3%
'There is no god except God; Muhammad is the messenger of God'
4.3%
Wash hands and face, face Mecca, prayer rug
4.3%
Annual donation of 2.5% of assets
4.3%
Considered a martyr
4.3%
Quiz Playlist
Details
Report
Send in Message
Add To Playlist
Classic:
Type in answers that appear in a list
Last Updated: Feb 16, 2017
Quiz Scoreboard
CHALLENGE
Sign Up to Join the Scoreboard
Show All
Scores
Hide
Comments
May contain spoilers
Recently Published
Movies - When Are They Set?
by FPL_Elf
Movies
5m
Popular People in 1961
by mucciniale
History
6m
1-10 Letter E Words III
by El_Dandy
Language
2m
More to Explore
Quiz From the Vault
Featured Blog Post
Where Did the Easter Bunny Come From?
hide this ad
You Might Also Like...
Tags
Islam Quiz
World Quiz
Chapter
final
Term
Today's Top Quizzes in Religion
Browse Religion
hide this ad
Today's Top Quizzes in Islam
Browse Islam
Top Contributed Quizzes in Religion
1
10 to 1: Islam
2
10 to 1: Protestantism
3
10 to 1: Norse Religion
4
10 to 1: Judaism
5
Names of Surahs in the Quran
6
10 to 1: Hinduism
7
One Thing in Common: Mythology
8
One Thing in Common: Mythology II
9
Order Up: Seven Last Words of Christ
10
Language by 'Haggadah' Cover
Explore More
Trending Topics
Marvel
Crossword
Kpop
NBA
Anime
Harry Potter
Disney
NFL
Song
The Office
Puzzle
Pokémon
Soccer
Country
WWE
hide this ad
More By:
ellabella
Quiz
Plays
Rating
Category
Featured
Created
MSMA World Religions Final! (Chapter 14)
47
5.00
Religion
Jun 4, 2011
MSMA World Religions Final! Chapters 1-6
27
Religion
Jun 4, 2011
MSMA World Religions Final! (Chapters 7-12)
20
Religion
Jun 4, 2011
Go to Creator's Profile
Score Distribution
Quiz Creator Spotlight
ellabella
Follow
Send a Message
Quizzes Created
-
Created Quiz Play Count
-
More By This Creator
Popular Quizzes Today
1
Find the US States - No Outlines Minefield
2
Find the Countries of Europe - No Outlines Minefield
3
The Countries of the World
4
Popular People in 1961
5
1-10 Letter E Words III
6
US States
7
Find the US States
8
One Thing in Common: World Cities II
More Religion Quizzes
Mini Trivia Sudoku: Bible
Curator's Pick
Trending Quizzes
Risky Map Clicking: Least Populous States A-Z
1-10 Letter F Words
1-10 Letter G Words
One Thing in Common: United Kingdom
Risky Map Clicking: Next State Alphabetically
Recently Updated
Leaping Animals
pecheneg
Reality TV Shows (A-Z)
bhenderson79
Rickey Henderson's Hall of Fame Teammates
pecheneg
Champions League XIs: Arsenal
pecheneg
Quick Pick: Celebrities in WWE's Hall of Fame
aduchscher
A-Z Keypad Blitz II
pecheneg
Multiple Oscar Actors
pecheneg
Mystery Phrase Blitz: Oscar 'Best Actors'
pecheneg
F. Scott Fitzgerald Novels
LTH
Pick 3 Villains
ddd62291
Trending Topics
Crossword
Kpop
Marvel
NBA
Disney
Harry Potter
Anime
Country
Song
Soccer
Pokémon
WWE
NFL
Puzzle
The Office
Your Account Isn't Verified!
In order to create a playlist on Sporcle, you need to verify the email address you used during registration. Go to your
Sporcle Settings
to finish the process.
Report this User
Report this user for behavior that violates our
Community Guidelines
.
Details:
Send Report
Go to the Sporcle.com Mobile Site →
Comments